LEADER 01109nam a2200253 i 4500 001 000000151126 003 CaOOAMICUS 005 20130109000000.0 008 130109s2004 it u000 u spa u 013 $a128464 020 $a88-222-5351-5 040 $aSeMil$bita 245 10$aLiber de causis :$bindice y concordancia /$crealizado por Paloma Llorente Megías, con la colaboración de Mercè Otero Vidal. 260 $aFirenze :$bLeo S. Olschki,$c2004. 300 $aX, 300 p. ;$c25 cm. 490 0 $aLessico intellettuale europeo ;$v93 700 1 $aOtero Vidal, Merce.$0(OLS)http://semarc/name/59474 700 1 $aPaloma Llorente, Megias.$0(OLS)http://semarc/name/59473 830 0$aLessico intellettuale europeo ;$v93.$0(OLS)http://semarc/title/10848 850 $aSeMil 852 $aSeMil$W1$xVenegono$y1$m505 7 93 *$j103167$B103167$CSeMilBibl$Z2$F112217 $81 996 $6020$a88-222-5351-5$9(OLS)http://semarc/number/140665 996 $6245$aLiber de causis :$bindice y concordancia$9(OLS)http://semarc/title/220915 996 $6260$aFirenze :$bLeo S. Olschki$9(OLS)http://semarc/publisher/29957 LEADER 01144nam a2200253 4500 001 000000354272 003 CaOOAMICUS 005 20230704144117.0 008 230614s2023 it a 000 u ita r 020 $a979-12-80950-27-7 040 $aSeMil$bita 245 13$aIl Santuario di Caravaggio, la cupola e i pennacchi :$bl'opera di restauro delle decorazioni. 264 1$aCaravaggio :$bSantuario di Santa Maria del Fonte,$c2023. 300 $a174 p. :$bill. ;$c28 cm 541 0 $aOmaggio mons. Mario Delpini (5E VII 9) 650 4$aCaravaggio - Santuario di Santa Maria del Fonte.$0(OLS)http://semarc/subject/27867 850 $aSeMil 852 $aSeMil$W1$xVenegono$y1$m5E VII 9$j241969$B245518$CSeMilBibl$Z2$F245518 $81 941 1 $a7 961 $aOmaggio mons. Mario Delpini 996 $6020$a979-12-80950-27-7$9(OLS)http://semarc/number/298368 996 $6245$aIl Santuario di Caravaggio, la cupola e i pennacchi :$bl'opera di restauro delle decorazioni$9(OLS)http://semarc/title/444407 996 $6264$aCaravaggio :$bSantuario di Santa Maria del Fonte$9(OLS)http://semarc/publisher/61046